State and People (Record no. 1655)

MARC details
000 -LEADER
fixed length control field 00371nam a22001337a 4500
008 - FIXED-LENGTH DATA ELEMENTS--GENERAL INFORMATION
fixed length control field 230620b xxu||||| |||| 00| 0 eng d
020 ## - INTERNATIONAL STANDARD BOOK NUMBER
International Standard Book Number 0245504796
082 ## - DEWEY DECIMAL CLASSIFICATION NUMBER
Edition number 6Th
Classification number 320.94
Item number MUR
100 ## - MAIN ENTRY--PERSONAL NAME
Titles and words associated with a name J.O Murray
245 ## - TITLE STATEMENT
Title State and People
Remainder of title A Handbook of citizenship for young people
260 ## - PUBLICATION, DISTRIBUTION, ETC. (IMPRINT)
Place of publication, distribution, etc. London
Name of publisher, distributor, etc. George G.Harrap & Co. LTD
Date of publication, distribution, etc. 1971
300 ## - PHYSICAL DESCRIPTION
Extent 264p
942 ## - ADDED ENTRY ELEMENTS (KOHA)
Source of classification or shelving scheme Dewey Decimal Classification
Koha item type Books
Holdings
Withdrawn status Lost status Source of classification or shelving scheme Damaged status Not for loan Home library Current library Date acquired Total Checkouts Full call number Barcode Date last seen Price effective from Koha item type Checked out
    Dewey Decimal Classification     County Hall Archives County Hall Archives 06/20/2023   320.94 MUR 10000253 06/20/2023 06/20/2023 Books  
    Dewey Decimal Classification     County Hall Archives County Hall Archives 06/20/2023   320.94 MUR 10000232 06/20/2023 06/20/2023 Books 02/20/2019
LIBRARY OPENING HOURS

When the Parliament is sitting: 8.00a.m - 7.00p.m or until the house adjourns
Mondays and Fridays and when the House is on Recess:  8.00a.m - 5.00p.m
Closed on Weekends and Public Holidays

Online Public Access Catalog (OPAC)
Website: http://www.parliament.go.ke
Bunge Library: https://libraryir.parliament.go.ke
Contact: library@parliament.go.ke | Tel no: (254-2)2221291 or 2848000 Ext 5043